000 00694cam a2200229 4500500
005 20260329003446.0
041 _afre
042 _adc
100 1 0 _aFleury, Pauline
_eauthor
245 0 0 _aPosition philosophique 2. Sauvegardons notre identité
260 _c2015.
500 _a71
690 _aAlain Finkielkraut
690 _aFrançois Héran
690 _aMichel Onfray
690 _aMigrants
690 _aPhilippe Nemo
690 _aréfugiés
690 _aRégis Debray
786 0 _nPhilosophie magazine | 94 | 11 | 2015-11-01 | p. 14-14 | 1951-1787
856 4 1 _uhttps://shs.cairn.info/magazine-philosophie-magazine-2015-11-page-14?lang=fr&redirect-ssocas=7080
999 _c1824782
_d1824782